000 00601nam a22002537a 4500
003 UA-OsUOA
001 28216
007 ta
008 20040929b un ||||| |||| 00| 0 ukr d
100 _aЛукашевич М. П.
090 _a316.334.22
_bЛ84
942 _cBK
040 _aUA-OsUOA
_bukr
_cUA-OsUOA
_dUA-OsUOA
245 _aСоціологія праці
_bПідручник
300 _a440 с.
955 _a0
041 _aukr
080 _a316.334.22
020 _a966-06-0288
260 _aКиїв
_bЛибідь
_c2004
044 _aUA
650 7 _2UDC
999 _c314579
_d314579